| 000 | 01149nam a2200229Ia 4500 | ||
|---|---|---|---|
| 003 | OSt | ||
| 005 | 20200827140145.0 | ||
| 008 | 191128s1990 bw gr 000 0 spa d | ||
| 040 |
_aCo-JMCR _cCo-JMCR |
||
| 041 | 0 | _aspa | |
| 082 | 0 | 4 |
_a370.947 / _bS948e _223 |
| 100 | 1 |
_aSujomlinski, V. _eautor _99365 |
|
| 245 | 1 | 3 |
_aLa escuela soviética y el amor al trabajo : _b(experiencias de labor educativa en una escuela rural) / _ctraducido del ruso por V. Sánchez Esteban |
| 260 |
_aMoscú : _bLenguas Extranjeras, _c1990. |
||
| 300 |
_a366 páginas ; _c20 cm. |
||
| 505 | 0 | _aLa educación laboral de la joven generación es la tarea mas importante de la escuela Soviética -- El influjo directo en la conciencia de los alumnos con el fin de inculcarles el amor el trabajo -- El trabajo intelectual de los escolares como medio de form | |
| 520 | 0 | _aEl sistema laboral en la escuela sociética de enseñanza general entraña diversos elementos importantisimos o aspectos de la actividad laboral | |
| 650 | 2 | 4 |
_aEducación-- _zURSS _99366 |
| 650 | 2 | 4 |
_aEducación rural _zURSS _99367 |
| 700 | 1 |
_aSánchez Esteban, V., _etraductor _99368 |
|
| 942 |
_2ddc _cBK |
||
| 999 |
_c4370 _d4370 |
||